[Event "Miskolc Avas op-B"]
[White "Tomcsik, Gyula"]
[Black "Vodila, Sandor"]
[Site "Miskolc"]
[Round "2.6"]
[Result "0-1"]
[Date "2000.06.20"]
[WhiteElo "1400"]
[BlackElo "1822"]
[PlyCount "116"]
[EventDate "2000.06.25"]
[EventType "swiss"]
[EventRounds "9"]
[EventCountry "HUN"]
[SourceTitle "EXT 2004"]
[Source "ChessBase"]
[SourceDate "2003.11.25"]
[SourceVersion "1"]
[SourceVersionDate "2003.11.25"]
[SourceQuality "1"]

1. e4 e6 2. d4 d5 3. e5 c5 4. c3 Nc6 5. Bb5 Qb6 6. Bxc6+ bxc6 7. Nf3 Ba6 8. b3 cxd4 9. cxd4 Ne7 10. Ba3 Ng6 11. Bxf8 Nxf8 12. Qc2 Rb8 13. Nc3 Ng6 14. g3 0-0 15. Rc1 c5 16. dxc5 Qxc5 17. Na4 Qb4+ 18. Qd2 Qe4+ 19. Qe3 Bd3 20. Nc5 Qxe3+ 21. fxe3 Be4 22. Nxe4 dxe4 23. Ng5 Nxe5 24. Nxe4 Nd3+ 25. Ke2 Nxc1+ 26. Rxc1 Rfc8 27. Nc5 Rc7 28. Kf3 h6 29. h4 Rbc8 30. b4 a5 31. a3 axb4 32. axb4 Rc6 33. Rc4 Rb8 34. Ke4 Rd6 35. Ke5 Rd1 36. g4 Rb5 37. Ke4 Rb8 38. h5 Ra8 39. Kf3 Ra2 40. Rd4 Rxd4 41. exd4 Rb2 42. Nd3 Rb1 43. Ke4 Kf8 44. d5 Ke7 45. dxe6 Kxe6 46. Kd4 Kd6 47. Ke4 Rg1 48. Kf3 Kd5 49. Ke3 Rg3+ 50. Kd2 Rxg4 51. b5 Rd4 52. Kc3 Rxd3+ 53. Kxd3 g5 54. Ke3 f5 55. Kf3 Kc5 56. b6 Kxb6 57. Kg3 Kc5 58. Kf3 Kd4 0-1